Applied CATIA: (Record no. 39326)

MARC details
000 -LEADER
fixed length control field 00757nam a22002177a 4500
005 - DATE AND TIME OF LATEST TRANSACTION
control field 20100804165415.0
010 ## - LCCN (DPL NO)
LC control number ENG-98162
020 ## - INTERNATIONAL STANDARD BOOK NUMBER
International Standard Book Number 9788183333788
Terms of availability 360.00
035 ## - SYSTEM CONTROL NUMBER
System control number EN-81695
037 ## - SOURCE OF ACQUISITION
Source of stock number/acquisition DBAD/PUB
082 ## - DEWEY DECIMAL CLASSIFICATION NUMBER
Classification number 670.285536
100 ## - MAIN ENTRY--PERSONAL NAME
Personal name Hansen, L. Scott
245 ## - TITLE STATEMENT
Title Applied CATIA:
Remainder of title V5-R15
Statement of responsibility, etc by L.Scott Hansen
260 ## - PUBLICATION, DISTRIBUTION, ETC. (IMPRINT)
Place of publication, distribution, etc New Delhi
Name of publisher, distributor, etc BPB Publications
Date of publication, distribution, etc 2010
270 ## - ADDRESS
Address B-14, Connaught Place
City New Delhi
Postal code 110001
300 ## - PHYSICAL DESCRIPTION
Extent iv,475p.
Dimensions 24cm (pbk)
500 ## - GENERAL NOTE
General note Includes index
650 ## - SUBJECT ADDED ENTRY--TOPICAL TERM
Topical term or geographic name as entry element Computer aided engineering
942 ## - ADDED ENTRY ELEMENTS (KOHA)
Source of classification or shelving scheme Dewey Decimal Classification
Item type English Books
Classification part 670.285536
Call number suffix HAN
Holdings
Withdrawn status Lost status Not for loan Collection code Home library Current library Date acquired Source of acquisition Cost, normal purchase price Full call number Barcode Copy number Cost, replacement price Koha item type
    Not For Loan Non-fiction D.B.Act.Division D.B.Act.Division 04/08/2010 DBAD/PUB 360.00 670.285536 HAN EN-81695 1 360.00 English Books

© Delhi Public Library
Hit Counter
free hit counter